000 00329 a2200157 4500
001 171888
020 _a
040 _cMagnum
100 _aMokarzel, Marisa
240 1 0 _aTibirica, o boto de ipanema
_lpor
245 1 0 _aTibirica, o boto de ipanema
362 0 _a1899
440 1 _aFTD
697 _aJ/ROMANCE
942 _cBK
999 _c171888
_d171888